Perú: turismo en el nuevo milenio : (Registro nro. 21601)

Detalles MARC
000 -Cabecera
Campo de control interno 00891nam a2200229Ia 4500
005 - Fecha y hora del registro
control field 20260420122556.0
008 - Elementos de Longitud Fija
fixed length control field 260320s9999||||xx |||||||||||||| ||und||
041 ## - Idioma
Codigo Idioma ESP
082 ## - DEWEY y NOTACIÓN INTERNA
Dewey 338.479185
Notación Interna H25 T. 1
100 ## - AUTOR
Autor denominación Hauyón Dall'Orto, José Luis,
Término de relación autor
245 #0 - TÍTULO DE MATERIAL BIBLIOGRÁFICO
Título Perú: turismo en el nuevo milenio :
Título paralelo proyecto nacional de turismo II
250 ## - EDICIÓN
Edición Segunda edición
260 ## - CIUDAD, EDITORIAL, AÑO
Ciudad Lima :
Nombre de la Editorial Universidad de San Martín de Porres,
Año 2000
300 ## - DESCRIPCIÓN
N° Páginas 404 páginas :
Dimensiones 20 cm.
650 ## - TEMAS
Temas Ciencias Sociales
653 ## - DESCRIPTORES
Lenguajes no controlado Economía; Producción; Turismo - Perú
654 ## - PROGRAMAS
Programa Dpto. de Administración de Negocios
856 ## - URL - UBICACIÓN
URI/URL: Enlace exacto del recurso <a href="https://itmsp.museknowledge.com/UCSP?groupID=2&action=source&sourceID=GaleIFME_IP">https://itmsp.museknowledge.com/UCSP?groupID=2&action=source&sourceID=GaleIFME_IP</a>
Nota pública: Versión digital <a href="Véase además: Base de datos Gale">Véase además: Base de datos Gale</a>
856 ## - URL - UBICACIÓN
URI/URL: Enlace exacto del recurso <a href="https://itmsp.museknowledge.com/UCSP?groupID=2&action=source&sourceID=EBSCO_IP">https://itmsp.museknowledge.com/UCSP?groupID=2&action=source&sourceID=EBSCO_IP</a>
Nota pública: Versión digital <a href="Véase además: Base de datos EBSCOhost">Véase además: Base de datos EBSCOhost</a>
942 ## - ELEMENTOS DE KOHA
Tipo de documento Libro
Nombre del creador Justo Noguera
Código de catalogador Tania Ramirez
Esquema de clasificación Dewey Decimal Classification
Existencias
Codigo completo Registro Colección Copia número Disponibilidad Tipo de préstamo Biblioteca Actual Procedencia (Biblioteca) Ubicacón Fecha Ingreso Tipo de Adquisición Observación Date last seen Total checkouts Price effective from Tipo de Item Estado del Material Fuente de Clasificación Damaged status Withdrawn status
338.479185 H25 T. 1 1084977 Universidad Católica San Pablo 1 Disponible Disponible Víctor Andrés Belaunde Víctor Andrés Belaunde Planta baja cerrada 10/03/2026 Compra Contabilidad 20/03/2026   20/03/2026 Libro Bueno Dewey Decimal Classification